00865nam a2200205Ia 4500008004100000082001500041100001300056245003800069250000800107260002900115300001200144500002400156650001500180942000700195952012800202952010400330952010400434952010400538999001700642230524s9999 xx 000 0 und d a174.4bBAL aB.Balaji 0aServices Marketing and Management a2ND aNEW DELHIbS.Chandc2009 aXII;436 aQuantity Number: 4 aManagement cBK 00104070aTATCLbTATCLcGENd2023-05-24l1o174.4 BALp34352q2015-09-25r2024-02-02s2024-02-02w2023-05-24yBKzMBA305A 00104070aTATCLbTATCLcGENd2023-05-24l0o174.4 BALp34353r2023-05-24w2023-05-24yBKzMBA305A 00104070aTATCLbTATCLcGENd2023-05-24l0o174.4 BALp37599r2023-05-24w2023-05-24yBKzMBA305A 00104070aTATCLbTATCLcGENd2023-05-24l0o174.4 BALp37600r2023-05-24w2023-05-24yBKzMBA305A c45089d45089